000
00334 a2200169 4500
001
190874
020
_a
85-00-41421-9
040
_c
Magnum
100
_a
Bocage
240
1
0
_a
Sonetos
_l
por
245
1
0
_a
Sonetos
300
_a
106
362
0
_a
1997
440
1
_a
Ediouro
697
_a
LITERATURA GERAL ESTRANGEIRA
942
_c
BK
999
_c
190874
_d
190874